Analýza produktivity a rentability slovenských priemyselných podnikov v roku 2000

Uložené v:
Podrobná bibliografia
Hlavný autor: Horníková, Adriana
Médium: Kapitola
Jazyk:Slovak
Tagy: Pridať tag
Žiadne tagy, Buďte prvý, kto otaguje tento záznam!

MARC

LEADER 00000naa$a2200000$$$4500
001 0093708
005 20240502072038.1
041 0 |a slo 
044 |a SK 
245 1 0 |a Analýza produktivity a rentability slovenských priemyselných podnikov v roku 2000  |c Adriana Horníková 
100 1 |a Horníková, Adriana